Manual de procedimientos y cuidados de enfermería neonatal

Enregistré dans:
Détails bibliographiques
Auteurs principaux: Riquelme A., Elisa (Auteur), Novoa P., José Manuel (Auteur)
Format: Livre
Langue:espagnol
Publié: Santiago Mediterráneo 2004
Édition:1a. ed
Sujets:
Tags: Ajouter un tag
Pas de tags, Soyez le premier à ajouter un tag!

MARC

LEADER 00000cam a2200000 a 4500
001 UCD3467
003 CL-VaPUC
008 160609e20040000cl |||||||||||||||||spa|d
020 |a 9562202291 
082 0 4 |a 610.7362  |b RIQ  |2 21 
100 0 |a Riquelme A., Elisa  |e author  |9 586965 
700 0 |a Novoa P., José Manuel  |e author  |9 586966 
245 1 0 |a Manual de procedimientos y cuidados de enfermería neonatal 
250 |a 1a. ed 
300 |a 240 p 
942 |c BK 
945 |d 20160609 22:21:00  |a cmena 
260 |a Santiago  |b Mediterráneo  |c 2004 
650 7 |a ENFERMERIA  |2 CL-VaPUC  |9 358289 
650 7 |a ENFERMERIA PEDIATRICA  |2 CL-VaPUC  |9 334195 
650 0 |a Recién nacido  |9 451449 
650 7 |a NEONATOLOGIA  |2 CL-VaPUC  |9 459092 
583 |a last modification  |c 20160609 22:21:00  |k Rodrigo Vera 
999 |c 364503  |d 364501